International movements of the highly skilled /

Bibliographic Details
Corporate Author: Organisation for Economic Co-operation and Development. International Migration Unit
Format: Book
Language:English
Published: Paris : OECD, 1997.
Series:International migration unit occasional papers ; no.3.
OECD working papers ; v.5, no.91.
Subjects:

MARC

Tag First Indicator Second Indicator Subfields
LEADER 00000cam a22000005a 4500
001 in00001402891
005 20151020053054.0
008 971121s1997 fr d b i000 0 eng d
035 |a (OCoLC)37988755 
035 |9 AHM6930AM 
040 |a IL#  |c IL#  |d TXA  |d UtOrBLW 
049 |a TXAM 
090 |a HD72  |b .O38 v.5, no.91 
245 0 0 |a International movements of the highly skilled /  |c OECD, Directorate for Education, Employment, Labour and Social Affairs. 
264 1 |a Paris :  |b OECD,  |c 1997. 
300 |a 44 pages 
336 |a text  |b txt  |2 rdacontent 
337 |a unmediated  |b n  |2 rdamedia 
338 |a volume  |b nc  |2 rdacarrier 
490 1 |a International migration unit occasional papers ;  |v no.3 
490 1 |a OECD working papers ;  |v v.5, no.91 
504 |a Includes bibliographical references. 
500 |a Cover title. 
650 0 |a Skilled labor. 
710 2 |a Organisation for Economic Co-operation and Development.  |b International Migration Unit. 
830 0 |a International migration unit occasional papers ;  |v no.3. 
830 0 |a OECD working papers ;  |v v.5, no.91. 
999 |a MARS 
999 f f |s 4bf391e8-4837-353a-9c04-952b144fe64a  |i 5562b406-cca0-3ce9-9b5c-30d4c1f95bec  |t 0 
952 f f |p ric  |a Texas A&M University  |b Rellis Campus  |c Joint Library Facility  |d Remote Storage  |t 0  |e HD72 .O38 v.5 no.91  |h Library of Congress classification  |i unmediated -- volume  |m A14821548971 
998 f f |a HD72 .O38 v.5 no.91  |t 0  |l Remote Storage